00948nam a22002657a 45000010005000000030006000050050017000110080041000280200018000690400029000870500015001160820011001311000026001422450057001682500040002252600035002653000046003005050007003465200220003535210019005735210018005926500023006106500019006337000030006524869FISKH20250820101440.0241022b cb ||||| |||| 00| 0 eng d a9780545288002 aFISKHbengcFISKHdFISKH aPZ7.C86942 a813.54 aCrisp, Martyd(1947-) aTitanicat / cMarty Crisp Illustrated by Robert Papp aThis edition first printing in 2010 aNew York :bScholastic,c2010. a38 pages :bcolor illustrations ;c28 cm. aR  aA boy who has signed on as cabin boy aboard the Titanic helps ready the ship for its maiden voyage, but when it is time to set sail and he cannot find the ship's cat on board, he leaves the vessel to search for her.8 a710 bLexile 8 aR bRaz-Plus  2CatsaPicture book 2ShipsaTitanic aPapp, RobertdIllustrator